| 000 | 00620nam a2200193Ia 4500 | ||
|---|---|---|---|
| 003 | GCL | ||
| 008 | 140319s9999 xx 000 0 ara d | ||
| 040 |
_aGCL / _cGCL |
||
| 082 | 0 | 4 |
_aق _b810.962 _bم م |
| 100 | 1 | _aمحمد جبريل | |
| 245 | 1 | 0 |
_aمصر فى قصص كتابها المعاصرين (هدية من الاديب عبدالفتاح الجمل) / _cمحمد جبريل |
| 300 | _a437 ص | ||
| 490 |
_aالمكتبة العربية _v0 |
||
| 650 | 0 | 4 | _aالادب العربى |
| 650 | 0 | 4 | _aمصر |
| 650 | 0 | 4 | _aالقصص التاريخية |
| 650 | 0 | 4 | _aالعصر المعاصر |
| 942 |
_2ddc _cBK |
||
| 999 |
_c40203 _d40203 |
||